000 00694nam a2200217Ii 4500
003 JO-AjNU
008 230605s9999||||xx |||||||||||||| ||und||
017 _a2011/9558
020 _a978-99901-06-94-7
040 _aJO-AjNU
_bara
_erda
_cJO-AjNU
041 _aara
050 1 4 _aK85.M34.2011
100 3 _aمحمود، ضاري خليل,
_eauthor
_953100
245 0 0 _aأصول البحث القانوني
250 _aط1
264 3 1 _aالبحرين : جامعة البحرين ، 2011
300 _a150ص
_bيشتمل على مراجع ببلوغرافية ص (139-143)
336 _atext
_btxt
_2rdacontent
337 _aunmediated
_bn
_2rdamedia
338 _avolume
_bnc
_2rdacarrier
999 _aA23562
_c27130
_d27130